Football Teams Cristiano Ronaldo Played For - Statistics

General Stats
  • This quiz has been taken 120 times
  • The average score is 6 of 6
Answer Stats
League Years Team % Correct
England 2003-2009 Manchester United
100%
England 2021-2022 Manchester United
100%
Spain 2009-2018 Real Madrid
100%
Italy 2018-2021 Juventus FC
98%
Portugal 2002-2003 Sporting CP
93%
Saudi Arabia 2023- Al-Nassr FC
86%
No matching quizzes found
Score Distribution
Percent of People with Each Score
Percentile by Number Answered
Your Score History
You have not taken this quiz